Biblioteca

Consideraciones de la filosofía de la religión en torno a las verdades dogmáticas (Registro nro. 69809)

Detalles MARC
000 -LÍDER
Campo fijo de descripción fija 01490nab a2200217 i 4500
001 - NÚMERO DE CONTROL
Campo de control 768714001
003 - IDENTIFICADOR DEL NÚMERO DE CONTROL
Campo de control CO-MdFUSB
005 - FECHA Y HORA DE LA ULTIMA TRANSACCIÓN
control field 20240521145637.0
008 - ELEMENTOS DE LONGITUD FIJA -- INFORMACIÓN GENERAL
Campo fijo de descripción fija -- Información general 240521t1973 sp ||||| |||| 00| 0 spa d
040 ## - FUENTE DE CATALOGACIÓN
Idioma de catalogación spa
Agencia que realiza la transcripción CO-MdFUSB
Agencia que realiza la modificación CO-MdFUSB
041 ## - CÓDIGO DE IDIOMA
Código de idioma para texto/pista de sonido o título separado spa
100 ## - ASIENTO PRINCIPAL--NOMBRE PERSONAL
Nombre personal Dupré, Wilhelm,
Fechas asociadas con el nombre 1936- ‎
Término relacionador autor
245 ## - TÍTULO
Título Consideraciones de la filosofía de la religión en torno a las verdades dogmáticas
Mención de responsabilidad / Wilhelm Dupré ; traducido por Tomás Romera
520 ## - NOTA DE RESUMEN, ETC.
Nota de sumario, etc. Se reflexiona sobre las verdades dogmáticas, por tanto se plantean tres tipos de preguntas: ¿cómo es posible que existan semejantes verdades dogmáticas en el transcurso de la historia de la cultura?, ¿en qué sentido se incluyen las tradiciones en verdades dogmáticas y cómo fundamentan a éstas, o cómo tenemos que juzgar nosotros esta fundamentación desde la perspectiva de su origen?, ¿en qué medida se apoyan las verdades dogmáticas en el ser personal y en qué medida depende el hombre de esas verdades dogmáticas para que sea posible el encuentro de la exigencia de verdad y del conocimiento de la verdad en la conciencia humana?
650 #7 - ASIENTO SECUNDARIO DE MATERIA - TERMINO TEMÁTICO
Término temático o nombre geográfico como elemento de entrada Filosofía y religión
9 (RLIN) 198
650 #7 - ASIENTO SECUNDARIO DE MATERIA - TERMINO TEMÁTICO
Término temático o nombre geográfico como elemento de entrada Teología dogmática
9 (RLIN) 6937
700 ## - ENTR. SECUNDARIA - Nombre Personal (R)
Nombre de persona Romera, Tomás,
Término indicativo de función traductor
773 0# - ASIENTO DE ITEM FUENTE
Biblionumber 49450
Itemnumber 82663
Otro identificador del ítem R2573
Título Revista internacional de teología Concilium
Número de control del registro (CO-MdFUSB)8
Número Internacional Normalizado para Publicaciones Seriadas (ISSN) 0210-1041
Parte(s) relacionada(s) / Volumen., número. (mes año), páginas Número 83, (marzo, 1973), páginas: 386 - 398
Enumeración y primera página página: 386
942 ## - TIPO DE MATERIAL (KOHA)
Tipo de Item KOHA Artículos de Revista
945 ## - INFORMACIÓN LOCAL DEL REGISTRO
Catalogador Catherine Arias Alvarez - Practicante SENA

No hay ítems disponibles.

Biblioteca FUSBC | Teléfono: (57+4) 349 88 10 Ext. 141| WhatsApp (+57) 3005338115 
E-mail: biblioteca@unisbc.edu.co | Calle 76 87-14 Robledo Palenque, Medellín, Colombia

Con tecnología Koha